000 00549nam a2200217Ia 4500
005 20250108125124.0
008 008 250107s9999 xx 000 0 eng d
037 _aTB
040 _aCRL
_beng
_cCRL
041 _asin
_2eng
084 _aV2,4 Q2
084 _qCRL
100 _aMohi Vasdev Au.
_9611566
245 0 _aMaqaalaa-1
_cMohi Vasdev Au.
260 _aAhmedabad, India
_bKaran Kishin
_c3396
300 _a219p.
365 _aINR
_b1195
650 _aSINDHI LITERATURE
942 _cTB
_hV2,4 Q2
999 _c1235784
_d1235784